00526nam a2200145Ia 450000500170000000800410001710000220005824501010008026000340018130000110021565000140022694200070024099900170024795201160026420260328104252.0260328s9999||||xx |||||||||||||| ||und|| aCovarino, Silvio  0aGuìa de diagnóstico Urbano :b Participativo para Asentamientos precarios /cSilvio Covarino bUniversidad Rafael Landívar a136 p. aURBANISMO cBK c10303d10303 001040708GENaGPCbGPCcGENd2026-03-28i4444l0o711.1 C 8731p4444r2026-03-28 15:42:52t1w2026-03-28yBK